Harry Potter couples - Statistiques

Statistiques générales
  • Ce quiz a été pris 127 fois
  • Le résultat moyen est 6 sur 10
Statistiques - réponses
Hints Première lettre ? Et ? % Correct
2 R H Ron et hermione
100%
1 H G Harry et ginny
98%
6 J L James et lily
65%
5 M A Molly et arthur
56%
7 C C Cho et cédric
50%
3 N R Nymphadora et remus
50%
10 B F Bill et fleur
49%
4 L N Lucius et narcissa
39%
8 V P Vernon et pétunia
38%
9 D P Drago et pansy
34%
Aucun quiz correspondant
Distribution des résultats
% des personnes avec chaque résultat
Percentile par nombre de réponses
Votre historique - résultats
Vous n’avez pas pris ce quiz